000 00564nam a2200193 4500
003 SEACOMEC
005 20240415120112.0
008 231006b |||||||| |||| 00| 0 eng d
020 _cRs. 295.00
_a 978-8173710230
040 _aSEACOMEC
082 _a515.35
_bR215
100 1 _aRao, S. Balachandra
245 _aDifferential Equations
_bwith applications and programs
_cS. Balachandra Rao and H.R. Anuradha
260 _aHyderabad
_bUniversities
_c1999
300 _a416p
_c20.3 x 25.4 x 4.7 cm
650 _aAnalysis
700 1 _aAnuradha, H.R.
942 _cBOOK
999 _c137
_d137